[Event "Fermo Provinciale-ch FM"]
[Site "Porto San Giorgio"]
[Date "2010.01.31"]
[Round "5"]
[White "Riano, Mirko Alessio"]
[Black "Mantovani, Emanuele"]
[Result "1-0"]
[WhiteElo "1440"]
[BlackElo "1440"]
[PlyCount "105"]
[EventDate "2010.01.23"]
[EventType "swiss"]
[EventRounds "6"]
[EventCountry "ITA"]
[SourceTitle "EXT 2024"]
[Source "ChessBase"]
[SourceDate "2023.10.10"]
[SourceVersion "1"]
[SourceVersionDate "2023.10.10"]
[SourceQuality "1"]

1. e4 Nf6 2. e5 Nd5 3. Bc4 e6 4. Bxd5 exd5 5. d4 f6 6. f4 g5 7. Nc3 c6 8. Nge2 h6 9. Ng3 d6 10. Qh5+ Ke7 11. Qg6 dxe5 12. fxe5 Nd7 13. exf6+ Nxf6 14. 0-0 Qe8 15. Re1+ Be6 16. Qxe8+ Rxe8 17. Na4 Kd7 18. Nc5+ Kd6 19. Nf5+ Bxf5 20. Rxe8 Nxe8 21. Nxb7+ Ke6 22. Nc5+ Kf6 23. c3 Nd6 24. Bd2 Rh7 25. Re1 Re7 26. Nb3 Nc4 27. Rxe7 Bxe7 28. Bc1 a5 29. Na1 a4 30. b3 Ba3 31. Bxa3 Nxa3 32. bxa4 Bb1 33. Nb3 Bxa2 34. Na5 Nb1 35. Nxc6 Nxc3 36. a5 Bc4 37. Kf2 Kg6 38. Nb8 Ne4+ 39. Ke3 h5 40. a6 Bxa6 41. Nxa6 Kf6 42. Nc7 Kf5 43. Nxd5 h4 44. Kf3 Nd2+ 45. Ke3 Ne4 46. Nb4 g4 47. d5 g3 48. h3 Nc3 49. Kf3 Ke5 50. Kg4 Nxd5 51. Nxd5 Kxd5 52. Kxh4 Ke5 53. Kxg3 1-0

[Event "Fermo Provinciale-ch FM"]
[Site "Porto San Giorgio"]
[Date "2010.01.24"]
[Round "2"]
[White "Mantovani, Emanuele"]
[Black "Tittarelli, Adriano"]
[Result "0-1"]
[WhiteElo "1440"]
[BlackElo "1865"]
[PlyCount "60"]
[EventDate "2010.01.23"]
[EventType "swiss"]
[EventRounds "6"]
[EventCountry "ITA"]
[SourceTitle "EXT 2024"]
[Source "ChessBase"]
[SourceDate "2023.10.10"]
[SourceVersion "1"]
[SourceVersionDate "2023.10.10"]
[SourceQuality "1"]

1. d4 d5 2. h3 Bf5 3. Nc3 c6 4. Bd2 Nd7 5. Nf3 e6 6. e3 Bd6 7. g4 Bg6 8. Nh4 Qxh4 9. Qf3 Ngf6 10. Bg2 Bxc2 11. 0-0 Ne4 12. Be1 Ng5 13. Qe2 Nxh3+ 14. Bxh3 Qxh3 15. f4 Be4 16. Nxe4 dxe4 17. Qg2 Qxg2+ 18. Kxg2 f5 19. g5 h6 20. Rh1 h5 21. g6 Nf8 22. Bc3 Nxg6 23. d5 cxd5 24. Bxg7 Rg8 25. Bh6 Nxf4+ 26. Kf2 Nd3+ 27. Ke2 Rg2+ 28. Kf1 Rf2+ 29. Kg1 Kf7 30. Rf1 Rg8+ 0-1